书目信息 |
| 题名: |
铸工技术
|
|
| 作者: | ;《铸工技术》编写组 编 | |
| 分册: | 上册 | |
| 出版信息: | 北京 国防工业出版社 1973 |
|
| 页数: | 240页 | |
| 开本: | 20cm | |
| 丛书名: | ||
| 单 册: | ||
| 中图分类: | TG24 | |
| 科图分类: | ||
| 主题词: | 铸造--工艺 | |
| 电子资源: | ||
| ISBN: | ||
| 000 | 00626nam0 2200217 450 | |
| 001 | 0557710294 | |
| 005 | 20060405150204.93 | |
| 010 | @dCNY0.50 | |
| 100 | @a20051130d1973 km y0chiy0120 ea | |
| 101 | 0 | @achi |
| 102 | @aCN@b110000 | |
| 102 | @aCN@b110000 | |
| 200 | 1 | @a铸工技术@Azhu gong ji shu@h上册@f《铸工技术》编写组编@F《zhu gong ji shu》bian xie zu bian |
| 210 | @a北京@c国防工业出版社@d1973 | |
| 215 | 1 | @a240页@d20cm |
| 300 | @a工人普及读物 | |
| 606 | 0 | @a铸造@x工艺 |
| 690 | @aTG24@v4 | |
| 711 | 0 | @a《铸工技术》编写组@A《zhu gong ji shu》bian xie zu@4编 |
| 801 | 0 | @aCN@bPFT@c20060405 |
| 905 | @a10447@dTG24@e3:1 | |
| 铸工技术.上册/《铸工技术》编写组编.-北京:国防工业出版社,1973 |
| 240页;20cm |
| 工人普及读物 |
| ISBN :CNY0.50 |
| ● |
| 相关链接 |
|
|
|
|
正题名:铸工技术
索取号:TG24/3:1
 
预约/预借
| 序号 | 登录号 | 条形码 | 馆藏地/架位号 | 状态 | 备注 |
| 1 | 0016846 | 202149228 | 密集书库/ [索取号:TG24/3:1] | 在馆 | |
| 2 | 0016847 | 202230246 | 密集书库/ [索取号:TG24/3:1] | 在馆 |